000 01279cam a22003733a 4500
001 6141
003 PGUSA
005 20140828083128.0
008 040701s2004||||xxu|||||s|||||000 1 eng d
040 _aPGUSA
_beng
042 _adc
050 4 _aPZ
100 1 _aPeck, George W.
_q(George Wilbur),
_d1840-1916
245 1 0 _aPeck's Bad Boy with the Cowboys
_h[electronic resource] /
_cGeorge W. Peck
260 _bProject Gutenberg,
_c2004
506 _aPublic domain in the USA.
516 _aElectronic text
653 _aIndians of North America -- Juvenile fiction
653 _aOutdoor life -- Juvenile fiction
653 _aConduct of life -- Juvenile fiction
653 _aVoyages and travels -- Juvenile fiction
653 _aAnimals -- Juvenile fiction
653 _aKidnapping -- Juvenile fiction
653 _aTrain robberies -- Juvenile fiction
653 _aAdventure and adventurers -- Juvenile fiction
653 _aBoys -- Conduct of life -- Juvenile fiction
653 _aFathers and sons -- Juvenile fiction
653 _aCowboys -- Juvenile fiction
653 _aWit and humor, Juvenile
653 _aRansom -- Juvenile fiction
830 0 _aProject Gutenberg
_v6141
856 4 0 _uhttp://www.gutenberg.org/ebooks/6141
942 _cEB
999 _c235469
_d235469